000 00909nam a22002417a 4500
999 _c7967
_d7967
003 AR-CdUCM
008 190321b ||||| |||| 00| 0 spa d
040 _aMUNICIPALIDAD PROVINCIAL DEL CUSCO
_cBIBLIOTECA MUNICIPAL DEL CUSCO
041 _hdut
082 _a580 /
_bF82
100 _aFrance, R. H.
_922515
245 _aLa Maravillosa Vida de Las Plantas :
_bUna Botánica para Todos /
260 _aEspaña :
_bLabor S. A. ;
_c1961.
300 _a409 páginas ;
_bFotografía, ilustraciones
_c22cm
440 _aColección Libros de Hoy
_915208
505 _aContenido: Historia de una hoja -- La planta se convierte en animal -- Técnicos invisibles -- Los pelos de las plantas -- También las plantas respiran...
650 _aBotánica
_92790
650 _aPlantas
_919530
650 _aSeres vivos
_918533
700 _aGadea, Julio (traducción)
_922516
942 _2ddc
_cLIBROS
945 _anom